000 01398cam a2200265 4500
001 J122493
008 021217n2000 000 0 eng u
035 _a(Sirsi) u122494
041 _aeng
050 _a333.332
_c18
110 _aUnited Kingdom
_bOffice of the Deputy Prime Minister
245 _aBristol sellerαs information pack
_bpilot summary of interim findings
260 _aLondon
_bODPM
_c2000
490 _aODPM Housing Research Summary
_v124
520 _aPresents the interim findings of the Bristol pilot of the home information pack. The final report "Evaluation of the Bristol seller's pack : final report" (J122491) was published in 2002. The summary forms a part of the OPDM home buying and selling policy website which outlines the development of the Housing Bill and Home Information Packs. View at www.housing.odpm.gov.uk. Not found when searched for online 28/11/11
650 _aHOME INFORMATION PACKS
650 _aBRISTOL
650 _aHOME CONDITION REPORTS
650 _aRICS HOMEBUYER SURVEY AND VALUATION
650 _aOMBUDSMAN FOR ESTATE AGENTS
690 _aPROPERTY-RESIDENTIAL PROPERTY-RESIDENTIAL PROPERTY MARKET
856 _uhttps://www.housing.odpm.gov.uk/hrs/hrs124.htm
_vView the summary on the ODPM website...
856 _uhttps://www.housing.odpm.gov.uk/hbs/bristol/final/index.htm
_vView the full report on ODPM website...
942 _n0
999 _c102868
_d102868